Veď mě dál, cesto má
Uložené v:
| Korporatívny autor: | |
|---|---|
| Ďalší autori: | , |
| Médium: | Zvuková nahrávka |
| Jazyk: | Slovak Czech |
| Vydané: |
[Praha] :
Panton,
p1975.
|
| Fyzický popis: |
1 gramofónová platňa : analog 33 1/3 ot/min., stereo ; 30 cm. |
| Tagy: |
Pridať tag
Žiadne tagy, Buďte prvý kto otaguje tento záznam!
|
Titul je dostupný aj v ... 

MARC
| LEADER | 00000njm a2200000 a 4500 | ||
|---|---|---|---|
| 001 | 000436821 | ||
| 003 | SVKKK | ||
| 005 | 20170123094624.0 | ||
| 008 | 130925s1975 xo slo d | ||
| 028 | 0 | 1 | |a 11 0512 |b Panton |
| 040 | |a SVKKK |b slo |c SVKKK |e AACR2 | ||
| 041 | 0 | |d cze | |
| 044 | |a xr |c CZ | ||
| 100 | 1 | |a Bobek, Pavel, |d 1937-2013 |4 sng | |
| 245 | 1 | 0 | |a Veď mě dál, cesto má |h [zvukový záznam] / |c Pavel Bobek. |
| 260 | |a [Praha] : |b Panton, |c p1975. | ||
| 300 | |a 1 gramofónová platňa : |b analog 33 1/3 ot/min., stereo ; |c 30 cm. | ||
| 500 | |a Vydané v spolupráci s Maldým svétem | ||
| 505 | 0 | |a Strana 1: |t Pojď stoupat jak dým = Don´t bogart me -- |t Má dívka "N" = Ann -- |t Tam v dálce, tam v horách -- |t Já býval hodný táty syn = Bronco bill´s lament -- |t Dík, že smím pár přátel mít = Give your best to your friends -- |t Nedělní ráno = Sunday mornin´ comin´ down | |
| 505 | 0 | |a Strana 2: |t Chvíle, kdy jsem byl s ní = Me and bobby gee -- |t Venezuela -- |t Tak já se loučím = Smokey put the sweat on me -- |t Víš, kdo ti smí z tvých vlásků copy splést -- |t Já jsem byl bloud -- |t Veď mě dál, cesto má = Take me home, country roads | |
| 508 | |a Hudobná réžia: Zdeněk Procházka | ||
| 508 | |a Zvuková réžia: Václav Höblík | ||
| 511 | 0 | |a Spieva: Pavel Bobek | |
| 511 | 0 | |a Štúdiovú skupinu diriguje František Ringo Čech ; mužský zbor ; mieašaný zbor | |
| 700 | 1 | |a Čech, František Ringo, |d 1943- |4 cnd | |
| 700 | 1 | |a Procházka, Zdeněk, |d 1924-1977 |4 rce | |
| 700 | 1 | |a Höblík, Václav |4 rce | |
| 710 | 2 | |a Štúdiová skupina |4 prf | |
| 910 | |a svkkk | ||
| 998 | |a AM | ||
| 090 | |g SCKHL |k Sklad Pribinova 1. posch. |a IIIG.2883 |j 4237 |i 2720351011 |s Prezenčne CD, DVD | ||
| 924 | |a LP | ||
| 924 | |a AVM | ||